000 00963nam a2200253Ia 4500
003 GCL
008 140319s9999 xx 000 0 ara d
040 _aGCL /
_cGCL
082 0 4 _a956
_bح ع
100 1 _aحسان حلاق
245 1 0 _aالعلامة الدكتور عمر فرج 1906_1987 من رواد النهضة العالمية والنربوية والثقافية والاجتماعية فى لبنان وفى العالميين العربى والاسلامى /
_cحسان حلاق
260 _a[S.N] :
_bجامعة بيروت العربية ،
_c1988
300 _a239 ص
490 _aجامعة بيروت العربية
_v0
650 0 4 _aالعصر الحديث
650 0 4 _aالعالم العربى
650 0 4 _aتاريخ
650 0 4 _aالاحوال الاجتماعية
650 0 4 _aالتربية
650 0 4 _aالاحوال الاقتصادية
650 0 4 _aلبنان
650 0 4 _aعمر فروج
942 _2ddc
_cBK
999 _c36709
_d36709